00416 2200169 4500001002100000008004100021035002000062245005000082100001700132250000600149260003100155300001200186084001400198082000800212650001400220990001200234INLIS000000000001076 ind  a0010-0524000311 aAgar Wanita Mendapat SyafaatcDr. Akram Ridha aRidha, Akram a1 aDepok :bGema Insanic2007 a248 hlm a200 AKR a a200 aNon Fiksi a0744054